La vie dans l'Egypte ancienne

محفوظ في:

المؤلف الرئيسي: Dominique Valbelle.

التنسيق: كتاب

اللغة: Undetermined

منشور في: Paris : Presses Universitaires de Franc, 1988.

الموضوعات:

الوسوم: إضافة وسم

لا توجد وسوم, كن أول من يضع وسما على هذه التسجيلة!

رقم الطلب: DT60 .V34512

LEADER 00559nam a2200181Ia 4500
008 240329s9999||||xx |||||||||||||| ||und||
020 |a 9782130417309  
050 4 |a DT60 .V34512 
100 1 |a Dominique Valbelle. 
245 1 0 |a  La vie dans l'Egypte ancienne  |c Dominique Valbelle 
264 1 |a Paris :  |b Presses Universitaires de Franc,  |c 1988. 
300 |a  127 p.  |c 18 cm 
650 |a  Antropologie culturală 
650 |a Cultură şi civilizaţie antică 
650 |a Egiptul Antic 
650 |a Viaţă socială şi obiceiuri 
942 |2 lcc  |c BK 
999 |c 57691  |d 57691